000
00442nam a2200145Ia 4500
008
100122s9999 xx 000 0 und d
082
_b
18085
_a
922.945
100
_a
पारखे म स
245
_a
जीवनाची वाटचाल
260
_b
ज.आ.मोंडकर
_c
1905
300
_a
224
630
_a
जीवनाची वाटचाल
730
_a
जीवनाची वाटचाल
942
_c
BOOK
999
_c
407605
_d
407602